Developing schoolwide prgrams to prevent and manage problem behaviors: a step-by-step approach / (Record no. 5258)

MARC details
000 -LEADER
fixed length control field 00985nam a22002537a 4500
003 - CONTROL NUMBER IDENTIFIER
control field OSt
005 - DATE AND TIME OF LATEST TRANSACTION
control field 20251029013131.0
008 - FIXED-LENGTH DATA ELEMENTS--GENERAL INFORMATION
fixed length control field 251029b |||||||| |||| 00| 0 eng d
020 ## - INTERNATIONAL STANDARD BOOK NUMBER
International Standard Book Number 978-1-60623-032-9
040 ## - CATALOGING SOURCE
Original cataloging agency DWCL-Admin lib
Transcribing agency OC
082 ## - DEWEY DECIMAL CLASSIFICATION NUMBER
Classification number Circ. 371.93 L265d 2009
100 ## - MAIN ENTRY--PERSONAL NAME
Personal name Lane, Kathleen Lynne
245 ## - TITLE STATEMENT
Title Developing schoolwide prgrams to prevent and manage problem behaviors: a step-by-step approach /
Statement of responsibility, etc. Kathleen Lynne Lane
260 ## - PUBLICATION, DISTRIBUTION, ETC.
Place of publication, distribution, etc. N.Y.:
Name of publisher, distributor, etc. The Guilford Press,
Date of publication, distribution, etc. c2009.
300 ## - PHYSICAL DESCRIPTION
Extent xii, 196 p. : ill. ;
Dimensions 27 cm.
504 ## - BIBLIOGRAPHY, ETC. NOTE
Bibliography, etc. note Includes bibliographical references and index.
650 ## - SUBJECT ADDED ENTRY--TOPICAL TERM
Topical term or geographic name entry element 1. Behavior disorders in children-United States-Prevention.
650 ## - SUBJECT ADDED ENTRY--TOPICAL TERM
Topical term or geographic name entry element 2. Problem children-Behavior modification-United States.
650 ## - SUBJECT ADDED ENTRY--TOPICAL TERM
Topical term or geographic name entry element 3. Problem children-Education-United States.
650 ## - SUBJECT ADDED ENTRY--TOPICAL TERM
Topical term or geographic name entry element 4. School improvement programs-United States.
700 ## - ADDED ENTRY--PERSONAL NAME
Personal name Kalberg, Jemma Robertson
700 ## - ADDED ENTRY--PERSONAL NAME
Personal name Menzies, Holly Marieh
942 ## - ADDED ENTRY ELEMENTS (KOHA)
Source of classification or shelving scheme Dewey Decimal Classification
Koha item type Book Circulation
Call number prefix Circ.
Suppress in OPAC No
952 ## - LOCATION AND ITEM INFORMATION (KOHA)
--
Holdings
Withdrawn status Lost status Source of classification or shelving scheme Damaged status Not for loan Home library Current library Shelving location Date acquired Source of acquisition Total Checkouts Full call number Barcode Date last seen Copy number Price effective from Koha item type Uniform Resource Identifier
    Dewey Decimal Classification     College Library College Library Circulation 04/05/2011 School Fund   Circ. 371.93 L265d 2009 48304 10/29/2025 c1 10/29/2025 BK-CIRC